Don Quijote de la Mancha / (Registro nro. 12007)

Detalles MARC
000 -LIDER
fixed length control field 01122nam a22003257a 4500
001 - NÚMERO DE CONTROL
Identificador de número de control 0011793
003 - IDENTIFICACDOR DE NÚMERO DE CONTROL
control field DO-SdBPM
005 - DATE AND TIME OF LATEST TRANSACTION
control field 20250521092221.0
007 - CAMPOS FIJOS DE DESCRIPCIÓN FÍSICA
fixed length control field 0011793
008 - ELEMENTOS DE LONGITUD FIJA
fixed length control field 161118b2001 sp ||| 00| 0 spa d
020 ## - ISBN
International Standard Book Number 9788495598653
040 ## - FUENTE DE CATALOGACIÓN
Agencia que crea de manera original el registro DO-SdBPM
Idioma de catalogación spa
Agencia que realiza la transcripción BPMSU
082 #4 - NÚMERO DE CLASIFICACIÓN DECIMAL DE DEWEY
Classification number 863.3
Item number C419d 2001
Edition number 22
100 1# - ASIENTO PRINCIPAL -- NOMBRE PERSONAL
Nombre personal Cervantes Saavedra, Miguel de,
Fechas asociadas con el nombre 1547-1616
9 (RLIN) 35
245 10 - MENCIÓN DE TITULO
Título Don Quijote de la Mancha /
Mención de responsabilidad Miguel de Cervantes Saavedra.; adaptación literaria Gloria Sanjuan
246 14 - VARIACION DEL TÍTULO
Título propiamente dicho o título corto Las aventuras de Don Quijote de la Mancha
250 ## - MENCIÓN DE EDICION
Mención de edición 3a ed.
260 ## - PUBLICACIÓN, DISTRIBUCIÓN, ETC. (PIE DE IMPRENTA)
Lugar de publicación, distribución, etc Madrid :
Nombre del editor, distribuidor, etc. Libro-Hobby,
Fecha de publicación, distribución, etc 2001.
300 ## - DESCRIPCIÓN FÍSICA
Extensión 132 p. :
Otros detalles físicos il. ;
Dimensiones 28 cm.
490 0# - MENCIÓN DE SERIES
Mención de serie Cervantes para niños ;
-- Faro.
590 ## - NOTA LOCAL
Texto de la nota local Inventariado, 2025/VM
600 14 - ENCABEZAMIENTO DE MATERIA--NOMBRE PERSONAL
Nombre personal Cervantes Saavedra, Miguel de
Fechas asociadas con el nombre 1547-1616
Título de una obra Don Quijote de la Mancha
650 #4 - ENCABEZAMIENTO DE MATERIA--TEMÁTICO
Término temático o nombre geográfico como elemento de entrada Cuentos infantiles españoles
650 #4 - ENCABEZAMIENTO DE MATERIA--TEMÁTICO
Término temático o nombre geográfico como elemento de entrada Caballeros y caballería
Subdivisión de forma Cuentos infantiles
650 #4 - ENCABEZAMIENTO DE MATERIA--TEMÁTICO
Término temático o nombre geográfico como elemento de entrada Mancha
Subdivisión de forma Adaptaciones infantiles
650 #4 - ENCABEZAMIENTO DE MATERIA--TEMÁTICO
Término temático o nombre geográfico como elemento de entrada Libros ilustrados para niños
700 1# - ASIENTO SECUNDARIO -- NOMBRE PERSONAL
Nombre personal Sanjuan, Gloria
910 ## - VALIDACIÓN
Validación VMateo V. Control de calidad. BPMSU
942 ## - ADDED ENTRY ELEMENTS (KOHA)
Source of classification or shelving scheme Dewey Decimal Classification
Koha item type Libros
Existencias
Withdrawn status Lost status Source of classification or shelving scheme Damaged status Not for loan Collection code Home library Current library Date acquired Source of acquisition Total Checkouts Full call number Barcode Date last seen Price effective from Koha item type
    Dewey Decimal Classification     Colección Infantil General Biblioteca Pública Metropolitana Salomé Ureña Biblioteca Pública Metropolitana Salomé Ureña 11/18/2016 FUNDI   BPMSU CGI 863.3 C419d 2001 BPMSU16111434 11/18/2016 11/18/2016 Libros